| 000 | 00444nam a2200169Ia 4500 | ||
|---|---|---|---|
| 008 | 121012t1982 xxu||||| |||| 00| 0 sin d | ||
| 041 | _asin | ||
| 080 |
_a8 S - 31 _bSIR |
||
| 100 | _aSiriwardhana,Ilene | ||
| 245 | _aවෙරළෙන් සයුරට | ||
| 246 | _aWeralen Sayurata | ||
| 260 |
_bSumathi Publishers _aColombo _c1982 |
||
| 300 | _a158p., 18 cm | ||
| 942 | _cBK | ||
| 999 |
_c70448 _d70448 |
||
| 003 | LK-CoDNM | ||
| 040 |
_aLK-CoDNM _dLK-CoDNM _eLK-CoDNM |
||